| 000 | 00900nam a2200253 i 4500 | ||
|---|---|---|---|
| 001 | 124680 | ||
| 003 | ES-MaACL | ||
| 005 | 20230906192455.0 | ||
| 007 | t| | ||
| 008 | 070417s1920 sp ||||1| spa d | ||
| 080 | _a821.134.2-293.22"19" | ||
| 100 | 1 |
_aTorres del Álamo, Ángel. _9110942 |
|
| 245 | 1 | 4 |
_aLos pendientes de la Trini o No hay mal que por bien no venga _b: sainete lírico en un acto / _coriginal de Torres del Alamo y Asenjo. |
| 260 |
_a[Madrid : _bLa Novela Teatral, _c1920] |
||
| 300 |
_a8 h. ; _c20 cm. |
||
| 490 | 1 |
_aLa novela teatral ; _v161 |
|
| 500 | _aEn la cub. caricatura de Juanito Espantaleón por Tovar. | ||
| 700 | 1 |
_aAsenjo, Antonio. _923559 |
|
| 700 | 0 |
_aTovar _c, ilustrador. _9157378 |
|
| 740 | 0 | _aNo hay mal que por bien no venga. | |
| 830 | 0 |
_aLa novela teatral ; _v161 _9122427 |
|
| 852 |
_aES-MaACL _j2215-F-37 _bR.138757 |
||
| 999 |
_c124680 _d124680 |
||